000 01025nam a22003257a 4500
003 CHAP
005 20220329134314.0
008 971013s1980 r 00010 d
010 _a18475
011 _a19447
035 _a23532
040 _cCHAP
082 _a001.61
_bA5
100 0 0 _aAlefeld, G.
_eed.
_93735
245 _aFundamentals of numerical computation; computer oriented numerical analysis
260 _aWier :
_bSpringer Verlag,
_c1980
300 _a229 p
490 _aComputing supplementum
_v; 2
590 _aBATCH-UPD
_b10
_c20130110
_lUCH01
_h0307
590 _aBATCH-UPD
_b10
_c20130110
_lUCH01
_h2109
590 _aBATCH-UPD
_b10
_c20130410
_lUCH01
_h1420
590 _aBATCH-UPD
_b10
_c20130914
_lUCH01
_h1022
590 _aCONVERSION
_b10
_c20130109
_lUCH01
_h1311
650 1 4 _aComputación.
_926122
700 0 _aGrigorieff, R. D.
_950714
830 0 _aComputing supplementum
_v; 2
_926144
901 _aBK
942 _cLIBRO
949 _a001.61 A5
_bBC
_cLIBRO
_d33724000229472
_eLIBRO
_h58320
_i23532
_si
999 _c18475
_d18475